[Event "Maria Albulet Memorial 2017"]
[Site "Braila"]
[Date "2017.10.10"]
[Round "5"]
[White "Makropoulou, Marina"]
[Black "Babiy, Olga"]
[Result "1/2-1/2"]
[WhiteElo "2136"]
[BlackElo "2317"]
[Annotator "ChessBase"]
[PlyCount "168"]
[EventDate "2017.??.??"]
[EventCountry "ROU"]
[SourceTitle "playchess.com"]
[Source "ChessBase"]
[SourceQuality "1"]
[TimeControl "40/5400+30:900+30"]

1. e4 {[%emt 0:00:00]} c5 {[%emt 0:00:03]} 2. Nf3 {[%emt 0:00:00]} e6 {[%emt 0:00:04]} 3. d4 {[%emt 0:00:00]} cxd4 {[%emt 0:00:04]} 4. Nxd4 {[%emt 0:00:01]} Nc6 {[%emt 0:00:08]} 5. Nc3 {[%emt 0:00:50]} Qc7 {[%emt 0:00:07]} 6. Be2 {[%emt 0:01:08]} a6 {[%emt 0:00:07]} 7. Be3 {[%emt 0:04:36]} Nf6 {[%emt 0:00:19]} 8. O-O {[%emt 0:01:11]} Bb4 {[%emt 0:00:11]} 9. Na4 {[%emt 0:01:00]} Be7 {[%emt 0:00:12]} 10. Nxc6 {[%emt 0:01:06]} bxc6 {[%emt 0:00:06]} 11. Nb6 {[%emt 0:00:20]} Rb8 {[%emt 0:00:05]} 12. Nxc8 {[%emt 0:00:19]} Qxc8 {[%emt 0:00:06]} 13. Bd4 {[%emt 0:00:19]} c5 {[%emt 0:00:28]} 14. Be5 {[%emt 0:00:58]} Rb6 {[%emt 0:00:09]} 15. b3 {[%emt 0:01:26]} O-O {[%emt 0:05:46]} 16. Qd3 {[%emt 0:09:13]} d6 {[%emt 0:05:13]} 17. Bb2 {[%emt 0:01:44]} Nd7 {[%emt 0:02:29]} 18. Rad1 {[%emt 0:00:55]} Bf6 {[%emt 0:03:48]} 19. Bc1 {[%emt 0:00:14]} Rd8 {[%emt 0:18:46]} 20. Bd2 {[%emt 0:23:34]} Ne5 {[%emt 0:06:51]} 21. Qg3 {[%emt 0:01:04]} Nc6 {[%emt 0:01:36]} 22. Kh1 {[%emt 0:02:11]} Rd7 {[%emt 0:11:04]} 23. c3 {[%emt 0:05:31]} Qd8 {[%emt 0:09:47]} 24. f4 {[%emt 0:00:42]} d5 {[%emt 0:07:39]} 25. e5 {[%emt 0:00:55]} Bh4 {[%emt 0:00:51]} 26. Qh3 {[%emt 0:01:19]} g6 {[%emt 0:04:14]} 27. Bc1 {[%emt 0:10:05]} Be7 {[%emt 0:04:48]} 28. Qf3 {[%emt 0:02:15]} a5 {[%emt 0:00:59]} 29. Qf2 {[%emt 0:10:30]} Qb8 {[%emt 0:04:08]} 30. Bd3 {[%emt 0:06:45]} Qa7 {[%emt 0:05:09]} 31. Bc2 {[%emt 0:00:32]} Bf8 {[%emt 0:00:54]} 32. Rd3 {[%emt 0:00:55]} Rbb7 {[%emt 0:01:20]} 33. Rh3 {[%emt 0:00:15]} Qa6 {[%emt 0:08:45]} 34. Bd3 {[%emt 0:02:03]} c4 {[%emt 0:00:10]} 35. bxc4 {[%emt 0:00:20]} dxc4 {[%emt 0:00:02]} 36. Be4 {[%emt 0:00:10]} Bg7 {[%emt 0:01:14]} 37. Qh4 {[%emt 0:02:05]} h6 {[%emt 0:00:01]} 38. f5 {[%emt 0:00:45]} exf5 {[%emt 0:00:16]} 39. Bxh6 {[%emt 0:00:39]} Bxe5 {[%emt 0:00:10]} 40. Bxf5 {[%emt 0:00:00]} Rd6 {[%emt 0:01:45]} 41. Bf4 {[%emt 0:02:28]} Qb5 {[%emt 0:00:45]} 42. Qh7+ {[%emt 0:06:20]} Kf8 {[%emt 0:00:02]} 43. Bh6+ {[%emt 0:01:16]} Ke7 {[%emt 0:01:28]} 44. Bxg6 {[%emt 0:02:31]} Kd8 {[%emt 0:00:52]} 45. Bg5+ {[%emt 0:08:33]} Kc7 {[%emt 0:06:19]} 46. Qxf7+ {[%emt 0:03:07]} Kb6 {[%emt 0:01:41]} 47. Qf2+ {[%emt 0:00:35]} Ka6 {[%emt 0:00:03]} 48. Be4 {[%emt 0:01:15]} a4 {[%emt 0:03:43]} 49. Rf3 {[%emt 0:02:41]} a3 {[%emt 0:02:01]} 50. h4 {[%emt 0:00:32]} Qa5 {[%emt 0:01:05]} 51. Qe3 {[%emt 0:01:10]} Rg7 {[%emt 0:02:27]} 52. Rf5 {[%emt 0:00:49]} Qxc3 {[%emt 0:00:35]} 53. Bxc6 {[%emt 0:00:34]} Qxe3 {[%emt 0:00:30]} 54. Bxe3 {[%emt 0:00:10]} Bd4 {[%emt 0:00:34]} 55. Bxd4 {[%emt 0:00:49]} Rxd4 {[%emt 0:00:02]} 56. Bf3 {[%emt 0:01:32]} Rxh4+ {[%emt 0:00:22]} 57. Kg1 {[%emt 0:00:03]} Rc7 {[%emt 0:01:03]} 58. Rc1 {[%emt 0:00:45]} Rd4 {[%emt 0:00:26]} 59. Be2 {[%emt 0:00:46]} Kb6 {[%emt 0:00:12]} 60. Rc2 {[%emt 0:00:22]} c3 {[%emt 0:00:36]} 61. Kf2 {[%emt 0:00:31]} Rb4 {[%emt 0:00:40]} 62. Rf3 {[%emt 0:00:23]} Rb2 {[%emt 0:00:24]} 63. Rcxc3 {[%emt 0:00:18]} Rxc3 {[%emt 0:00:35]} 64. Rxc3 {[%emt 0:00:02]} Rxa2 {[%emt 0:00:07]} 65. g4 {[%emt 0:01:00]} Ka5 {[%emt 0:00:06]} 66. g5 {[%emt 0:00:25]} Kb4 {[%emt 0:00:04]} 67. Rc4+ {[%emt 0:00:38]} Kb3 {[%emt 0:00:08]} 68. Rc8 {[%emt 0:00:35]} Rd2 {[%emt 0:01:16]} 69. Rb8+ {[%emt 0:00:16]} Kc3 {[%emt 0:00:17]} 70. Ra8 {[%emt 0:00:46]} Kb2 {[%emt 0:00:49]} 71. g6 {[%emt 0:00:41]} Rd6 {[%emt 0:01:18]} 72. g7 {[%emt 0:00:30]} Rg6 {[%emt 0:00:05]} 73. Rb8+ {[%emt 0:00:27]} Kc3 {[%emt 0:00:50]} 74. Rc8+ {[%emt 0:00:36]} Kb2 {[%emt 0:00:02]} 75. Rb8+ {[%emt 0:00:34]} Kc3 {[%emt 0:00:02]} 76. g8=Q {[%emt 0:00:31]} Rxg8 {[%emt 0:00:05]} 77. Rxg8 {[%emt 0:00:04]} a2 {[%emt 0:00:09]} 78. Ra8 {[%emt 0:00:39]} Kb2 {[%emt 0:00:05]} 79. Rb8+ {[%emt 0:00:06]} Kc3 {[%emt 0:01:48]} 80. Ra8 {[%emt 0:00:26]} Kb2 {[%emt 0:00:05]} 81. Rb8+ {[%emt 0:00:36]} Kc3 {[%emt 0:00:11]} 82. Ra8 {[%emt 0:00:35]} Kb2 {[%emt 0:00:05]} 83. Rb8+ {[%emt 0:00:40]} Kc3 {[%emt 0:00:09]} 84. Ra8 {[%emt 0:00:10]} Kb2 {[%emt 0:00:05]} 1/2-1/2

[Event "Maria Albulet Memorial 2017"]
[Site "Braila"]
[Date "2017.10.10"]
[Round "5"]
[White "Cosman, Andreea-Marioara"]
[Black "Rakhmangulova, Anastasiya"]
[Result "1-0"]
[WhiteElo "2125"]
[BlackElo "2242"]
[Annotator "ChessBase"]
[PlyCount "95"]
[EventDate "2017.??.??"]
[EventCountry "ROU"]
[SourceTitle "playchess.com"]
[Source "ChessBase"]
[SourceQuality "1"]
[TimeControl "40/5400+30:900+30"]

1. d4 {[%emt 0:00:00]} Nf6 {[%emt 0:00:06]} 2. c4 {[%emt 0:00:00]} c5 {[%emt 0:00:04]} 3. d5 {[%emt 0:00:00]} b5 {[%emt 0:00:05]} 4. cxb5 {[%emt 0:00:00]} a6 {[%emt 0:00:04]} 5. bxa6 {[%emt 0:00:02]} d6 {[%emt 0:00:05]} 6. Nc3 {[%emt 0:00:11]} Bxa6 {[%emt 0:00:06]} 7. e4 {[%emt 0:00:13]} Bxf1 {[%emt 0:00:06]} 8. Kxf1 {[%emt 0:00:05]} g6 {[%emt 0:00:08]} 9. Nf3 {[%emt 0:00:05]} Bg7 {[%emt 0:00:19]} 10. g3 {[%emt 0:00:07]} O-O {[%emt 0:00:05]} 11. Kg2 {[%emt 0:00:04]} Nbd7 {[%emt 0:00:30]} 12. Qe2 {[%emt 0:01:01]} Qb6 {[%emt 0:11:28]} 13. a4 {[%emt 0:02:29]} Qa6 {[%emt 0:02:20]} 14. Nb5 {[%emt 0:09:10]} e6 {[%emt 0:06:47]} 15. dxe6 {[%emt 0:11:44]} fxe6 {[%emt 0:00:05]} 16. Bf4 {[%emt 0:00:09]} d5 {[%emt 0:05:09]} 17. exd5 {[%emt 0:10:06]} exd5 {[%emt 0:02:06]} 18. Qc2 {[%emt 0:00:29]} Ne4 {[%emt 0:17:16]} 19. Nc7 {[%emt 0:14:40]} Qc6 {[%emt 0:00:36]} 20. Rhd1 {[%emt 0:16:13]} d4 {[%emt 0:21:30]} 21. Nxa8 {[%emt 0:08:54]} g5 {[%emt 0:07:39]} 22. Re1 {[%emt 0:04:57]} Ndf6 {[%emt 0:00:47]} 23. Ne5 {[%emt 0:04:02]} Qxa8 {[%emt 0:01:00]} 24. f3 {[%emt 0:00:12]} gxf4 {[%emt 0:03:26]} 25. fxe4 {[%emt 0:00:27]} Kh8 {[%emt 0:03:45]} 26. gxf4 {[%emt 0:07:42]} Nh5 {[%emt 0:00:48]} 27. Nd3 {[%emt 0:00:48]} Nxf4+ {[%emt 0:01:43]} 28. Nxf4 {[%emt 0:00:11]} Rxf4 {[%emt 0:00:02]} 29. Ra3 {[%emt 0:00:55]} d3 {[%emt 0:09:22]} 30. Qxd3 {[%emt 0:03:29]} Bd4 {[%emt 0:01:14]} 31. Kh1 {[%emt 0:03:52]} Qg8 {[%emt 0:02:51]} 32. a5 {[%emt 0:02:09]} Rf2 {[%emt 0:03:54]} 33. Qg3 {[%emt 0:00:41]} Qf8 {[%emt 0:00:31]} 34. Raa1 {[%emt 0:01:05]} Qa8 {[%emt 0:01:00]} 35. a6 {[%emt 0:00:33]} Rxb2 {[%emt 0:00:13]} 36. a7 {[%emt 0:00:39]} Rb7 {[%emt 0:00:10]} 37. Qd6 {[%emt 0:00:27]} Bxa1 {[%emt 0:00:55]} 38. Rxa1 {[%emt 0:00:16]} Rb1+ {[%emt 0:00:06]} 39. Rxb1 {[%emt 0:00:28]} Qxe4+ {[%emt 0:00:02]} 40. Kg1 {[%emt 0:00:00]} Qxb1+ {[%emt 0:00:02]} 41. Kf2 {[%emt 0:02:47]} Qa2+ {[%emt 0:07:50]} 42. Kf3 {[%emt 0:01:04]} Qa3+ {[%emt 0:04:36]} 43. Kf4 {[%emt 0:02:25]} Qc1+ {[%emt 0:04:11]} 44. Kf5 {[%emt 0:01:29]} Qc2+ {[%emt 0:01:26]} 45. Ke6 {[%emt 0:03:00]} Qa2+ {[%emt 0:00:07]} 46. Kf6 {[%emt 0:00:27]} Qf2+ {[%emt 0:01:05]} 47. Ke7 {[%emt 0:01:00]} Kg7 {[%emt 0:00:48]} 48. Qg3+ {[%emt 0:00:10]} 1-0

[Event "Maria Albulet Memorial 2017"]
[Site "Braila"]
[Date "2017.10.10"]
[Round "5"]
[White "Djukic, Sandra"]
[Black "Andres, Marina-Corina"]
[Result "1-0"]
[WhiteElo "2084"]
[BlackElo "1581"]
[Annotator "NA"]
[PlyCount "61"]
[EventDate "2017.??.??"]
[EventCountry "ROU"]
[SourceTitle "playchess.com"]
[Source "ChessBase"]
[SourceQuality "1"]
[TimeControl "40/5400+30:900+30"]

1. d4 {[%emt 0:00:00]} d5 {[%emt 0:00:05]} 2. c4 {[%emt 0:00:00]} e6 {[%emt 0:00:03]} 3. Nf3 {[%emt 0:01:26]} Be7 {[%emt 0:00:09]} 4. Nc3 {[%emt 0:00:32]} Nf6 {[%emt 0:00:08]} 5. Bg5 {[%emt 0:00:55]} h6 {[%emt 0:00:07]} 6. Bh4 {[%emt 0:00:46]} O-O {[%emt 0:00:08]} 7. e3 {[%emt 0:00:02]} b6 {[%emt 0:01:14]} 8. Qb3 {[%emt 0:03:18]} dxc4 {[%emt 0:01:36]} 9. Bxc4 {[%emt 0:00:36]} Ba6 {[%emt 0:03:51]} 10. O-O {[%emt 0:05:56]} Bxc4 {[%emt 0:00:13]} 11. Qxc4 $14 {[%emt 0:00:05]} c5 {[%emt 0:08:49]} 12. dxc5 {[%emt 0:01:07]} Bxc5 {[%emt 0:00:46]} 13. Rad1 {[%emt 0:08:49]} Qc8 {[%emt 0:04:30]} 14. Bxf6 {[%emt 0:08:42]} gxf6 {[%emt 0:00:11]} 15. Qg4+ {[%emt 0:00:54]} Kh8 {[%emt 0:01:22]} 16. Qh4 {[%emt 0:02:40]} Kg7 {[%emt 0:03:41]} 17. Ne4 {[%emt 0:12:55]} Nd7 {[%emt 0:10:59]} 18. Ng3 {[%emt 0:14:52]} Be7 {[%emt 0:04:46]} 19. Rd4 {[%emt 0:07:49]} Qe8 {[%emt 0:05:37]} 20. Qh5 {[%emt 0:18:43]} f5 {[%emt 0:04:16]} 21. Nh4 {[%emt 0:04:03]} Bxh4 {[%emt 0:06:41]} 22. Rxh4 {[%emt 0:02:36]} Rh8 {[%emt 0:00:44]} 23. Qd1 {[%emt 0:00:04]} Nf6 {[%emt 0:02:25]} 24. Qd4 {[%emt 0:00:57]} Rd8 {[%emt 0:01:25]} 25. Nh5+ {[%emt 0:00:17]} Kf8 {[%emt 0:01:08]} 26. Qxf6 {[%emt 0:00:14]} Rh7 {[%emt 0:00:33]} 27. Nf4 {[%emt 0:00:21]} Kg8 {[%emt 0:00:51]} 28. Rh3 {[%emt 0:00:26]} Qf8 {[%emt 0:00:40]} 29. Rg3+ {[%emt 0:00:14]} Rg7 {[%emt 0:00:09]} 30. Rxg7+ {[%emt 0:00:04]} Qxg7 {[%emt 0:00:06]} 31. Qxd8+ {[%emt 0:00:03]} 1-0

[Event "Maria Albulet Memorial 2017"]
[Site "Braila"]
[Date "2017.10.10"]
[Round "5"]
[White "Didiliuc, Dariana-Gabriela"]
[Black "Aciu, Malina-Andreea"]
[Result "0-1"]
[WhiteElo "1779"]
[BlackElo "2006"]
[Annotator "NA"]
[PlyCount "86"]
[EventDate "2017.??.??"]
[EventCountry "ROU"]
[SourceTitle "playchess.com"]
[Source "ChessBase"]
[SourceQuality "1"]
[TimeControl "40/5400+30:900+30"]

1. d4 {[%emt 0:06:09]} d5 {[%emt 0:00:06]} 2. c4 {[%emt 0:00:18]} dxc4 {[%emt 0:00:05]} 3. Nf3 {[%emt 0:00:09]} Nf6 {[%emt 0:00:03]} 4. e3 {[%emt 0:00:11]} e6 {[%emt 0:00:05]} 5. Bxc4 {[%emt 0:00:15]} a6 {[%emt 0:00:03]} 6. a4 {[%emt 0:00:38]} b6 {[%emt 0:00:04]} 7. O-O {[%emt 0:02:18]} Bb7 {[%emt 0:00:03]} 8. Bd2 {[%emt 0:02:47]} Nbd7 {[%emt 0:02:12]} 9. Bc3 $11 {[%emt 0:02:31]} c5 {[%emt 0:08:30]} 10. Nbd2 {[%emt 0:01:32]} Be7 {[%emt 0:00:26]} 11. Qe2 {[%emt 0:05:06]} O-O {[%emt 0:04:25]} 12. e4 {[%emt 0:03:23]} cxd4 {[%emt 0:07:28]} 13. Bxd4 {[%emt 0:00:34]} Nc5 {[%emt 0:01:17]} 14. e5 {[%emt 0:02:25]} Nd5 {[%emt 0:00:20]} 15. Bxc5 {[%emt 0:05:41]} Bxc5 {[%emt 0:03:50]} 16. Ne4 {[%emt 0:00:24]} Nf4 {[%emt 0:03:35]} 17. Qc2 {[%emt 0:00:21]} h6 {[%emt 0:09:09]} 18. Rfd1 {[%emt 0:04:50]} Qc7 {[%emt 0:00:46]} 19. Bf1 {[%emt 0:00:44]} Bxf2+ {[%emt 0:16:53]} 20. Qxf2 {[%emt 0:00:59]} Bxe4 {[%emt 0:00:04]} 21. Rd4 {[%emt 0:01:34]} Bxf3 {[%emt 0:00:45]} 22. Qxf3 {[%emt 0:00:09]} Ng6 {[%emt 0:00:25]} 23. Re1 {[%emt 0:02:48]} Nxe5 {[%emt 0:02:08]} 24. Qg3 {[%emt 0:00:37]} f6 {[%emt 0:00:05]} 25. Kh1 {[%emt 0:01:43]} Rad8 {[%emt 0:01:21]} 26. Rh4 {[%emt 0:01:04]} Kh7 {[%emt 0:02:20]} 27. Bxa6 {[%emt 0:01:38]} Qc2 {[%emt 0:02:13]} 28. Rb4 {[%emt 0:05:30]} Rd1 {[%emt 0:05:30]} 29. Bf1 {[%emt 0:03:52]} Rfd8 {[%emt 0:00:56]} 30. Rf4 {[%emt 0:07:05]} R8d3 {[%emt 0:11:23]} 31. Bxd3+ {[%emt 0:04:16]} Nxd3 {[%emt 0:00:10]} 32. Ref1 {[%emt 0:00:29]} Nxf4 {[%emt 0:02:17]} 33. Qxf4 {[%emt 0:00:06]} Rxf1+ {[%emt 0:03:10]} 34. Qxf1 {[%emt 0:00:06]} Qxb2 {[%emt 0:00:06]} 35. Qd3+ {[%emt 0:00:20]} f5 {[%emt 0:01:01]} 36. Qd1 {[%emt 0:00:12]} e5 {[%emt 0:00:49]} 37. h3 {[%emt 0:00:07]} e4 {[%emt 0:00:39]} 38. Qd5 {[%emt 0:01:47]} Qc1+ {[%emt 0:01:00]} 39. Kh2 {[%emt 0:00:09]} Qf4+ {[%emt 0:00:10]} 40. Kg1 {[%emt 0:00:00]} e3 {[%emt 0:00:27]} 41. Qa2 {[%emt 0:01:05]} Qd4 {[%emt 0:02:32]} 42. Kh2 {[%emt 0:00:29]} Qe5+ {[%emt 0:00:17]} 43. Kg1 {[%emt 0:00:06]} e2 {[%emt 0:00:10]} 0-1

[Event "Maria Albulet Memorial 2017"]
[Site "Braila"]
[Date "2017.10.10"]
[Round "5"]
[White "Popa, Catalina-Elena"]
[Black "Patru, Alexandra-Ioana"]
[Result "1-0"]
[WhiteElo "1731"]
[BlackElo "1623"]
[Annotator "NA"]
[PlyCount "69"]
[EventDate "2017.??.??"]
[EventCountry "ROU"]
[SourceTitle "playchess.com"]
[Source "ChessBase"]
[SourceQuality "1"]
[TimeControl "40/5400+30:900+30"]

1. e4 {[%emt 0:00:00]} e5 {[%emt 0:00:04]} 2. Nf3 {[%emt 0:00:00]} Nc6 {[%emt 0:00:04]} 3. Nc3 {[%emt 0:00:00]} Nf6 {[%emt 0:00:06]} 4. a3 {[%emt 0:00:00]} a6 {[%emt 0:01:08]} 5. d4 {[%emt 0:00:32]} exd4 {[%emt 0:07:06]} 6. Nxd4 {[%emt 0:00:02]} d6 {[%emt 0:01:46]} 7. Be2 {[%emt 0:02:54]} Be7 {[%emt 0:02:08]} 8. Be3 {[%emt 0:00:27]} O-O {[%emt 0:01:31]} 9. Qd2 {[%emt 0:00:21]} Nxd4 {[%emt 0:25:26]} 10. Bxd4 {[%emt 0:00:21]} b5 {[%emt 0:15:15]} 11. O-O-O {[%emt 0:05:25]} Bb7 {[%emt 0:00:41]} 12. f3 {[%emt 0:01:02]} Nd7 {[%emt 0:05:44]} 13. Nd5 {[%emt 0:03:33]} Bxd5 {[%emt 0:01:13]} 14. exd5 {[%emt 0:00:02]} Bf6 {[%emt 0:02:13]} 15. Be3 {[%emt 0:02:13]} Qb8 {[%emt 0:01:00]} 16. g4 {[%emt 0:02:58]} g6 {[%emt 0:02:26]} 17. h4 {[%emt 0:01:08]} a5 {[%emt 0:02:07]} 18. g5 {[%emt 0:05:03]} Bh8 {[%emt 0:01:11]} 19. h5 {[%emt 0:03:20]} b4 {[%emt 0:00:46]} 20. a4 {[%emt 0:01:03]} b3 {[%emt 0:03:44]} 21. c3 {[%emt 0:01:04]} Qe8 {[%emt 0:01:27]} 22. Bb5 {[%emt 0:02:26]} Qc8 {[%emt 0:00:50]} 23. f4 {[%emt 0:02:44]} Re8 {[%emt 0:06:10]} 24. Bd4 {[%emt 0:03:30]} Re4 {[%emt 0:01:30]} 25. Bxh8 {[%emt 0:00:51]} Kxh8 {[%emt 0:01:00]} 26. hxg6 {[%emt 0:00:34]} fxg6 {[%emt 0:00:03]} 27. Bd3 {[%emt 0:00:30]} Rxa4 {[%emt 0:00:37]} 28. Bxg6 {[%emt 0:01:41]} Nf8 {[%emt 0:00:28]} 29. Bb1 {[%emt 0:00:53]} Ra1 {[%emt 0:02:15]} 30. Qd3 {[%emt 0:06:07]} Qg4 {[%emt 0:02:40]} 31. Qe4 {[%emt 0:12:05]} Rxb1+ {[%emt 0:02:29]} 32. Kxb1 {[%emt 0:00:21]} a4 {[%emt 0:00:17]} 33. Rdg1 {[%emt 0:01:00]} Qd7 {[%emt 0:02:02]} 34. g6 {[%emt 0:00:52]} a3 {[%emt 0:03:07]} 35. Qd4+ {[%emt 0:04:30] Qd8} 1-0

[Event "Maria Albulet Memorial 2017"]
[Site "Braila"]
[Date "2017.10.10"]
[Round "5"]
[White "Vorniceanu, Alina"]
[Black "Coman, Ana-Cristina"]
[Result "1-0"]
[WhiteElo "1498"]
[BlackElo "1454"]
[Annotator "NA"]
[PlyCount "157"]
[EventDate "2017.??.??"]
[EventCountry "ROU"]
[SourceTitle "playchess.com"]
[Source "ChessBase"]
[SourceQuality "1"]
[TimeControl "40/5400+30:900+30"]

1. e4 {[%emt 0:00:00]} e5 {[%emt 0:00:11]} 2. Nf3 {[%emt 0:00:00]} Nc6 {[%emt 0:00:04]} 3. Bc4 {[%emt 0:00:00]} Bc5 {[%emt 0:00:05]} 4. c3 {[%emt 0:00:00]} Nf6 {[%emt 0:00:11]} 5. d3 {[%emt 0:00:00]} h6 {[%emt 0:00:08]} 6. h3 {[%emt 0:00:00]} O-O {[%emt 0:00:16]} 7. O-O {[%emt 0:00:00]} d6 {[%emt 0:00:04]} 8. Bb3 {[%emt 0:00:00]} Be6 {[%emt 0:01:31]} 9. Bc2 {[%emt 0:00:03]} Nh7 {[%emt 0:00:39]} 10. d4 {[%emt 0:00:55]} Bc4 {[%emt 0:16:52]} 11. dxc5 {[%emt 0:00:32]} Bxf1 {[%emt 0:00:13]} 12. Qxf1 {[%emt 0:00:08]} dxc5 {[%emt 0:00:23]} 13. Be3 {[%emt 0:03:50]} Qd6 {[%emt 0:17:21]} 14. Nbd2 {[%emt 0:01:00]} a6 {[%emt 0:09:53]} 15. Rd1 {[%emt 0:01:46]} Qe7 {[%emt 0:01:32]} 16. Qc4 {[%emt 0:03:03]} b6 {[%emt 0:05:16]} 17. Qd5 {[%emt 0:01:41]} Qe8 {[%emt 0:05:19]} 18. Qd3 {[%emt 0:03:39]} Qe7 {[%emt 0:05:02]} 19. Qd5 {[%emt 0:01:38]} Qe8 {[%emt 0:00:32]} 20. Qc4 {[%emt 0:01:28]} Nf6 {[%emt 0:05:51]} 21. Qe2 {[%emt 0:04:32]} Qe7 {[%emt 0:04:46]} 22. Qc4 {[%emt 0:03:02]} Rfd8 {[%emt 0:05:37]} 23. Nh4 {[%emt 0:02:50]} Kh7 {[%emt 0:07:13]} 24. Nf5 {[%emt 0:01:57]} Qe8 {[%emt 0:01:12]} 25. Qe2 {[%emt 0:07:06]} Rd7 {[%emt 0:05:21]} 26. Qf3 {[%emt 0:00:53]} Ng8 {[%emt 0:02:59]} 27. Qg4 {[%emt 0:03:51]} f6 {[%emt 0:02:42]} 28. Nh4 {[%emt 0:03:32]} Rad8 {[%emt 0:02:17]} 29. Bb3 {[%emt 0:06:20]} Qe7 {[%emt 0:00:38]} 30. Be6 {[%emt 0:01:52]} g5 {[%emt 0:00:46]} 31. Bf5+ {[%emt 0:03:09]} Kg7 {[%emt 0:00:18]} 32. Bxd7 {[%emt 0:00:38]} Qxd7 {[%emt 0:00:17]} 33. Qxd7+ {[%emt 0:00:47]} Rxd7 {[%emt 0:00:05]} 34. Nf5+ {[%emt 0:00:05]} Kg6 {[%emt 0:00:46]} 35. h4 {[%emt 0:02:00]} Nd8 {[%emt 0:00:49]} 36. hxg5 {[%emt 0:01:19]} hxg5 {[%emt 0:00:13]} 37. g3 {[%emt 0:00:50]} Ne6 {[%emt 0:00:33]} 38. Kg2 {[%emt 0:00:26]} c6 {[%emt 0:00:52]} 39. Rh1 {[%emt 0:01:04]} Nc7 {[%emt 0:00:36]} 40. Rh8 {[%emt 0:00:00]} Kf7 {[%emt 0:00:31]} 41. Kf3 {[%emt 0:03:10]} Ne8 {[%emt 0:00:59]} 42. Rh7+ {[%emt 0:01:23]} Ke6 {[%emt 0:00:14]} 43. Rh8 {[%emt 0:00:57]} Kf7 {[%emt 0:01:51]} 44. Rh7+ {[%emt 0:02:14]} Ke6 {[%emt 0:00:10]} 45. Rxd7 {[%emt 0:00:12]} Kxd7 {[%emt 0:00:05]} 46. Nc4 {[%emt 0:00:24]} b5 {[%emt 0:00:44]} 47. Nb6+ {[%emt 0:00:31]} Kc7 {[%emt 0:00:40]} 48. Bxc5 {[%emt 0:00:11]} a5 {[%emt 0:00:22]} 49. a4 {[%emt 0:01:42]} Kd8 {[%emt 0:01:35]} 50. axb5 {[%emt 0:00:47]} cxb5 {[%emt 0:00:08]} 51. Nd5 {[%emt 0:00:05]} Kd7 {[%emt 0:00:34]} 52. Ke3 {[%emt 0:00:46]} Kc6 {[%emt 0:00:08]} 53. Ba3 {[%emt 0:00:26]} Nc7 {[%emt 0:00:13]} 54. Nxc7 {[%emt 0:00:34]} Kxc7 {[%emt 0:00:05]} 55. Bd6+ {[%emt 0:00:22]} Kc6 {[%emt 0:00:46]} 56. Bf8 {[%emt 0:00:28]} Kd7 {[%emt 0:00:25]} 57. Kd3 {[%emt 0:00:53]} Ke8 {[%emt 0:00:12]} 58. Bc5 {[%emt 0:00:41]} Kd7 {[%emt 0:00:21]} 59. b3 {[%emt 0:01:14]} Kc6 {[%emt 0:00:29]} 60. Bf8 {[%emt 0:00:11]} Kd7 {[%emt 0:00:09]} 61. c4 {[%emt 0:00:29]} b4 {[%emt 0:00:25]} 62. f3 {[%emt 0:00:15]} Ke8 {[%emt 0:00:26]} 63. Bc5 {[%emt 0:00:13]} Kd7 {[%emt 0:00:16]} 64. Bb6 {[%emt 0:00:14]} Ne7 {[%emt 0:00:15]} 65. Nxe7 {[%emt 0:00:06]} Kxe7 {[%emt 0:00:07]} 66. Bxa5 {[%emt 0:00:03]} Kd7 {[%emt 0:00:14]} 67. Bxb4 {[%emt 0:00:05]} Kc6 {[%emt 0:00:05]} 68. Be7 {[%emt 0:00:09]} Kd7 {[%emt 0:00:04]} 69. Bxf6 {[%emt 0:00:06]} Ke6 {[%emt 0:00:05]} 70. Bxg5 {[%emt 0:00:12]} Kd7 {[%emt 0:00:10]} 71. b4 {[%emt 0:00:06]} Kc6 {[%emt 0:00:04]} 72. b5+ {[%emt 0:00:16]} Kc5 {[%emt 0:00:07]} 73. Ke2 {[%emt 0:00:13]} Kb6 {[%emt 0:00:09]} 74. Be3+ {[%emt 0:00:04]} Kc7 {[%emt 0:00:10]} 75. c5 {[%emt 0:00:04]} Kb7 {[%emt 0:00:07]} 76. c6+ {[%emt 0:00:12]} Kc7 {[%emt 0:00:11]} 77. Ba7 {[%emt 0:00:09]} Kc8 {[%emt 0:00:07]} 78. b6 {[%emt 0:00:12]} Kd8 {[%emt 0:00:03]} 79. b7 {[%emt 0:00:10]} 1-0

[Event "Maria Albulet Memorial 2017"]
[Site "Braila"]
[Date "2017.10.11"]
[Round "6"]
[White "Doluhanova, Evgeniya"]
[Black "Bulmaga, Irina"]
[Result "1/2-1/2"]
[WhiteElo "2328"]
[BlackElo "2423"]
[Annotator "TA"]
[PlyCount "36"]
[EventDate "2017.??.??"]
[EventCountry "ROU"]
[SourceTitle "playchess.com"]
[Source "ChessBase"]
[SourceQuality "1"]

{[%evp 17,19,-6,29,16]} 1. e4 e5 2. Nf3 Nc6 3. Bb5 a6 4. Ba4 Nf6 5. d3 b5 6. Bb3 Be7 7. O-O O-O 8. Nc3 d6 9. a4 {[%cal Ba2a4,Ba4b5][%mdl 32]} Rb8 {LiveBook: 4 Games. C84: Closed Ruy Lopez: Unusual White 6th moves} (9... Bg4 10. Be3 Nd4 11. Bxd4 exd4 12. Nd5 c6 13. h3 Bxf3 14. Nxf6+ Bxf6 15. Qxf3 Rc8 16. axb5 axb5 17. Ra6 {½-½ (71) Inarkiev,E (2682)-Ragger,M (2632) Dubai 2014}) 10. axb5 {Predecessor:} axb5 $146 11. Nd5 Bg4 12. c3 Qd7 13. h3 Bh5 14. Ra6 Bd8 15. Be3 Kh8 16. Re1 Qe8 17. Kh2 Nxd5 18. Bxd5 Ne7 {1-0 (46) Libiszewski,F (2505)-Bujisho,B (2391) Pau 2012} 1/2-1/2

[Event "Maria Albulet Memorial 2017"]
[Site "Braila"]
[Date "2017.10.11"]
[Round "6"]
[White "Babiy, Olga"]
[Black "Cosman, Andreea-Marioara"]
[Result "1-0"]
[WhiteElo "2317"]
[BlackElo "2125"]
[Annotator "NA"]
[PlyCount "53"]
[EventDate "2017.??.??"]
[EventCountry "ROU"]
[SourceTitle "playchess.com"]
[Source "ChessBase"]
[SourceQuality "1"]
[TimeControl "40/5400+30:900+30"]

1. e4 {[%emt 0:00:00]} c5 {[%emt 0:00:09]} 2. Nf3 {[%emt 0:00:00]} d6 {[%emt 0:00:04]} 3. d4 {[%emt 0:00:00]} cxd4 {[%emt 0:00:08]} 4. Nxd4 {[%emt 0:00:00]} Nf6 {[%emt 0:00:07]} 5. Nc3 {[%emt 0:00:00]} a6 {[%emt 0:00:05]} 6. Bg5 {[%emt 0:00:04]} e6 {[%emt 0:00:37]} 7. f4 {[%emt 0:00:12]} h6 {[%emt 0:03:29]} 8. Bh4 {[%emt 0:02:04]} Qb6 {[%emt 0:00:06]} 9. Qd3 {[%emt 0:06:44] LiveBook: 36 Games} Qxb2 {[%emt 0:07:47]} 10. Rb1 {[%emt 0:00:07]} Qa3 {[%emt 0:00:10]} 11. Be2 {[%emt 0:05:41]} Qa5 {[%emt 0:13:33]} 12. O-O {[%emt 0:14:24]} Be7 {[%emt 0:04:02]} 13. f5 {[%emt 0:03:56]} O-O $11 {[%emt 0:13:04]} 14. fxe6 {[%emt 0:08:08]} fxe6 {[%emt 0:01:56]} 15. Bg4 {[%emt 0:10:57]} Nxg4 {[%emt 0:27:04]} 16. Bxe7 {[%emt 0:00:16]} Rxf1+ {[%emt 0:01:10]} 17. Rxf1 {[%emt 0:00:56]} Ne5 {[%emt 0:02:22]} 18. Qg3 {[%emt 0:13:25]} Qc7 {[%emt 0:02:07]} 19. Bf8 {[%emt 0:11:37]} Kh7 {[%emt 0:18:56]} 20. Nce2 {[%emt 0:07:09]} Nbc6 {[%emt 0:00:52]} 21. c3 {[%emt 0:00:08]} b5 {[%emt 0:01:15]} 22. Nxc6 {[%emt 0:02:35]} Nxc6 {[%emt 0:00:10]} 23. Bxd6 {[%emt 0:00:10]} Qb6+ {[%emt 0:00:55]} 24. Kh1 {[%emt 0:00:13]} Ra7 {[%emt 0:00:30]} 25. Nf4 {[%emt 0:01:26]} g5 {[%emt 0:00:40]} 26. Nh5 {[%emt 0:01:12]} a5 {[%emt 0:00:30]} 27. e5 1-0